000 00429nam a2200157Ia 4500
008 210716s1999 xx 000 0 und d
020 _a0-13-026995-6
041 _aeng
082 _a658.4012 DAVF
100 _aDavid, Fred R.
245 _aStrategic management: concepts and cases.
_bConcepts and cases.
250 _a7
260 _aNew Jersey
_bPrentice Hall
_c1999
300 _axxxii,525
650 _aStrategic Management
999 _c202972
_d202972